Central Library OPAC University of Rajshahi

Interdiscipline : (Record no. 68620)

MARC details
000 -LEADER
fixed length control field 00734nam a22002297a 4500
001 - CONTROL NUMBER
control field 68620
003 - CONTROL NUMBER IDENTIFIER
rucl marc code (BD-RjUL)
005 - DATE AND TIME OF LATEST TRANSACTION
control field 20211209081806.0
008 - FIXED-LENGTH DATA ELEMENTS--GENERAL INFORMATION
fixed length control field 170404s1972 nyu||||| |b|| 00| 0 eng d
035 ## - SYSTEM CONTROL NUMBER
System control number (BD-RjUL)68830
040 ## - CATALOGING SOURCE
Original cataloging agency BD-RjUL
Language of cataloging eng
Transcribing agency BD-RjUL
082 ## - DEWEY DECIMAL CLASSIFICATION NUMBER
Edition number 23
Classification number 150
Author mark and year INT 1972
245 00 - TITLE STATEMENT
Title Interdiscipline :
Remainder of title a reader in psychology, sociology, and literature /
Statement of responsibility, etc. Edited by Edward Quinn, Robert Lilienfeld, Rodman Hill.
260 ## - PUBLICATION, DISTRIBUTION, ETC. (IMPRINT)
Place of publication, distribution, etc. New York :
Name of publisher, distributor, etc. Free Press,
Date of publication, distribution, etc. c1972
300 ## - PHYSICAL DESCRIPTION
Pagination xxiii, 450 p. ;
Size 24 cm.
504 ## - BIBLIOGRAPHY, ETC. NOTE
Bibliography, etc Includes bibliographies.
650 ## - SUBJECT ADDED ENTRY--TOPICAL TERM
Topical term or geographic name as entry element Psychology.
9 (RLIN) 203385
700 ## - ADDED ENTRY--PERSONAL NAME
Personal name Quinn, Edward
Personal name Lilienfeld, Robert
Personal name Hill, Rodman
942 ## - ADDED ENTRY ELEMENTS (KOHA)
Source of classification or shelving scheme Dewey Decimal Classification
Koha item type Books
Holdings
Lost status Source of classification or shelving scheme Damaged status Not for loan Collection code Permanent Location Current Location Shelving location Date acquired Total Checkouts Full call number Date last seen Copy number Koha item type
  Dewey Decimal Classification   Not For Loan Non-fiction Central Library, University of Rajshahi Central Library, University of Rajshahi Reading Room 25/07/1987   150 INT 1972 04/04/2017 C-1 Books